| 000 | 01151nam a2200349Ia 4500 | ||
|---|---|---|---|
| 003 | OSt | ||
| 005 | 20220912144916.0 | ||
| 006 | a|||||r|||| 00| 0 | ||
| 007 | ta | ||
| 008 | 220909b |||||||| |||| 00| 0 eng d | ||
| 020 | _a9789812818232 (hbd) | ||
| 024 | _a84222 | ||
| 037 | _b1933, 20/07/2009, New India Book Agency | ||
| 037 | _cTextbook | ||
| 040 |
_aCSL _beng _cCSL |
||
| 041 | _aeng | ||
| 082 | _aB33, P8 TB | ||
| 100 | _aLiu James H | ||
| 245 | 0 | _aTopics on stability and periodicity in abstract differential equations | |
| 260 |
_aNew Jersey _bWorld Scientific _c2008 |
||
| 300 |
_aix, 208p. _ccm. |
||
| 490 | _aSeries on concrete and applicable mathematics, 6. | ||
| 500 | _a''Appendix 193-200p''.; ''Bibliography 201-206p''.; ''Index 207-208p''. | ||
| 650 | _a Banach Spaces | ||
| 650 | _a Spectral theory | ||
| 650 | _a Stability theory | ||
| 650 | _aMathematics | ||
| 700 | _a Guerekata Gaston M N | ||
| 700 | _a Minh Nguyen Van | ||
| 942 |
_hB33, P8 TB _cTB _2CC |
||
| 999 |
_c18878 _d18878 |
||